Construction Project Management : (Record no. 13456)
[ view plain ]
| 000 -LEADER | |
|---|---|
| fixed length control field | 00950cac a22002655a 4500 |
| 005 - DATE AND TIME OF LATEST TRANSACTION | |
| control field | 20190612103846.0 |
| 008 - FIXED-LENGTH DATA ELEMENTS--GENERAL INFORMATION | |
| fixed length control field | 070803t2008 njua fr 001 0 eng |
| 010 ## - LIBRARY OF CONGRESS CONTROL NUMBER | |
| LC control number | 2007032130 |
| 020 ## - INTERNATIONAL STANDARD BOOK NUMBER | |
| International Standard Book Number | 9780471745884 |
| 040 ## - CATALOGING SOURCE | |
| Original cataloging agency | DLC |
| Language of cataloging | eng |
| Transcribing agency | DLC |
| Modifying agency | EG-ScBUE |
| 082 04 - DEWEY DECIMAL CLASSIFICATION NUMBER | |
| Classification number | 624.0684 |
| Edition number | 22 |
| Item number | SEA |
| 100 1# - MAIN ENTRY--PERSONAL NAME | |
| 9 (RLIN) | 11662 |
| Personal name | Sears, S. Keoki |
| 245 10 - TITLE STATEMENT | |
| Title | Construction Project Management : |
| Remainder of title | a practical guide to field construction management / |
| Statement of responsibility, etc | S. Keoki Sears, Glenn A. Sears, Richard H. Clough. |
| 250 ## - EDITION STATEMENT | |
| Edition statement | 5th ed. |
| 260 ## - PUBLICATION, DISTRIBUTION, ETC. (IMPRINT) | |
| Place of publication, distribution, etc | Hoboken, New Jersey : |
| Name of publisher, distributor, etc | John Wiley & Sons, Inc., |
| Date of publication, distribution, etc | c.2008. |
| 300 ## - PHYSICAL DESCRIPTION | |
| Extent | 1 v. (various pagings) : |
| Other physical details | ill. ; |
| Dimensions | 24 cm. |
| 500 ## - GENERAL NOTE | |
| General note | Index : p. 395-400. |
| 650 #7 - SUBJECT ADDED ENTRY--TOPICAL TERM | |
| Topical term or geographic name as entry element | Construction industry |
| General subdivision | Management. |
| 9 (RLIN) | 11663 |
| Source of heading or term | BUEsh |
| 650 #7 - SUBJECT ADDED ENTRY--TOPICAL TERM | |
| Topical term or geographic name as entry element | Project management. |
| 9 (RLIN) | 11664 |
| Source of heading or term | BUEsh |
| 651 ## - SUBJECT ADDED ENTRY--GEOGRAPHIC NAME | |
| Source of heading or term | BUEsh |
| 653 ## - INDEX TERM--UNCONTROLLED | |
| Arrived date list | August2015 |
| -- | June2019 |
| Resource For college | BAEPS, Business Administration |
| -- | Engineering, General |
| 700 1# - ADDED ENTRY--PERSONAL NAME | |
| Personal name | Clough, Richard Hudson. |
| 9 (RLIN) | 11665 |
| 700 1# - ADDED ENTRY--PERSONAL NAME | |
| Personal name | Sears, Glenn A. |
| 9 (RLIN) | 11666 |
| 942 ## - ADDED ENTRY ELEMENTS (KOHA) | |
| Source of classification or shelving scheme | Dewey Decimal Classification |
| Withdrawn status | Item status | Source of classification or shelving scheme | Damaged status | Not for loan | Vendor | Home library | Current library | Shelving location | Date acquired | Source of acquisition | Total Checkouts | Total Renewals | Full call number | Barcode | Date last seen | Date last borrowed | Koha item type | Cost, normal purchase price | Serial Enumeration / chronology |
|---|---|---|---|---|---|---|---|---|---|---|---|---|---|---|---|---|---|---|---|
| Dewey Decimal Classification | Baccah | Central Library | Central Library | First floor | 23/08/2015 | 4 | 73 | 624.0684 SEA | 000019759 | 15/07/2025 | 23/12/2013 | Book - Borrowing | |||||||
| Dewey Decimal Classification | Baccah | Central Library | Central Library | First floor | 22/02/2010 | Purchase | 1 | 624.0684 SEA | 000019760 | 15/07/2025 | 14/04/2011 | NB - Book (Non borrowing) | |||||||
| Dewey Decimal Classification | Arab Oasis | Central Library | Central Library | First floor | 28/04/2011 | Purchase | 3 | 624.0684 SEA | 000023436 | 15/07/2025 | 29/05/2013 | Book - Borrowing | 825.00 | 72 | |||||
| Dewey Decimal Classification | Central Library | Central Library | First floor | 18/04/2018 | 624.0684 SEA | 000047646 | 15/07/2025 | Book - Borrowing | |||||||||||
| Dewey Decimal Classification | Central Library | Central Library | First floor | 11/06/2019 | Donation | 1 | 624.0684 SEA | 000044670 | 15/07/2025 | 21/11/2021 | Book - Borrowing |